Culture Générale - Série 100 - Statistiques

Statistiques générales
  • Ce quiz a été pris 954 fois
  • Le résultat moyen est 5 sur 10
Statistiques - réponses
Question Réponse % Correct
Quelle est la racine cubique de 27 ? 3
87%
Le 3 octobre de quelle année a eu lieu la réunification allemande ? 1990
81%
Quel signe astrologique vient juste après celui du Scorpion ? Sagittaire
67%
Quel nom porte le petit du daim ? Faon
60%
Dans quelle ville du Lot vivent les Cadurciens ? Cahors
46%
Avec quel groupe Manu Chao chantait-il "Mala vida", en 1988 ? Mano Negra
44%
En 2006, à quel chanteur doit-on : "Là où je t'emmènerai" ? Florent Pagny
37%
Quel établissement Anthony Perkins tient-il dans "Psychose" ? Motel
37%
Quel nom d'origine anglaise désigne les avants d'une équipe de rugby ? Pack
15%
Qui se fait engager comme serveuse dans le film "Fauteuils d'orchestre" ? Cécile de France
12%
Aucun quiz correspondant
Distribution des résultats
% des personnes avec chaque résultat
Percentile par nombre de réponses
Votre historique - résultats
Vous n’avez pas pris ce quiz